000 00678nam a2200217 i 4500
001 76096
003 ES-MaACL
005 20250522203626.0
007 t|
008 040929s1965 sp ||||1| cat d
100 1 _aGuerre, René.
_960528
245 1 0 _aVolem veure el Crist /
_cRené Guerre i Maurice Zinty ; versió catalana de Ramón Folch i Camarasa.
260 _aBarcelona :
_bNova Terra,
_c[1965]
300 _a214 p. ;
_c20 cm.
490 1 _aL'home nou ;
_v10
700 1 _aFolch i Camarasa, Ramon,
_d1926-
_951450
700 1 _aZinty, Maurice.
_9118296
830 0 _aL'home nou ;
_v10
_9181581
852 _aES-MaACL
_jC-28147
_bR.57583
999 _c76096
_d76096